Ernest Lavisse : L'histoire au coeur (notice n° 1925767)
[ vue normale ]
| 000 -LEADER | |
|---|---|
| fixed length control field | 01515cam a2200133 4500500 |
| 005 - DATE AND TIME OF LATEST TRANSACTION | |
| control field | 20260329023239.0 |
| 041 ## - LANGUAGE CODE | |
| Language code of text/sound track or separate title | fre |
| 042 ## - AUTHENTICATION CODE | |
| Authentication code | dc |
| 100 10 - MAIN ENTRY--PERSONAL NAME | |
| Personal name | Leduc, Jean |
| Relator term | author |
| 245 00 - TITLE STATEMENT | |
| Title | Ernest Lavisse : L'histoire au coeur |
| 260 ## - PUBLICATION, DISTRIBUTION, ETC. | |
| Name of publisher, distributor, etc. | Armand Colin,<br/> |
| Date of publication, distribution, etc. | 2016.<br/> |
| 520 ## - SUMMARY, ETC. | |
| Summary, etc. | Ernest Lavisse (1842-1922) est passé à la postérité grâce à ses nombreux manuels scolaires d’histoire, et surtout au fameux « Petit Lavisse » qui a accompagné des générations d’écoliers français. Mais qui était celui qu’on nomma l’« Instituteur national », qui consacra son existence tout entière à promouvoir l’enseignement historique et à construire un glorieux « roman national » ? Homme d’influence mais non engagé, professeur admiré mais figure discrète, l’ouvrage montre toutes les nuances, voire les ambiguïtés, du grand historien. L’étude minutieuse de son enseignement en Sorbonne, de ses publications et de ses nombreuses interventions dans la presse, comme de son rôle dans diverses institutions et associations, met en lumière une œuvre fondamentale, encore méconnue. Ainsi découvre-t-on les combats d’Ernest Lavisse pour réformer l'enseignement supérieur, moderniser l'enseignement secondaire, mettre en œuvre une formation à la fois scientifique et professionnelle des professeurs et organiser le monde étudiant. Des dossiers toujours d'actualité... |
| 856 41 - ELECTRONIC LOCATION AND ACCESS | |
| Uniform Resource Identifier | <a href="https://shs.cairn.info/ernest-lavisse--9782200614843?lang=fr&redirect-ssocas=7080">https://shs.cairn.info/ernest-lavisse--9782200614843?lang=fr&redirect-ssocas=7080</a> |
Pas d'exemplaire disponible.




Réseaux sociaux